000 00972nam a22002297a 4500
005 20180618103535.0
010 _aB-686201A-214A
020 _a9789352533367
_c850.00
035 _aB-686201A-214A
037 _bAsian
082 _a657.42
100 _aTulsian, P.C.
245 _aTulsian's Quick revision for cost accounting for CA-IPC (group-1) :
_cby P.C. Tulsian [and] Bharat Tulsian
_bSupplement to the main textbook Tulsian's cost accounting for CA-IPC(Group-I)/
250 _arev. ed
260 _aNew Delhi
_bS.Chand
_c2016
270 _a7361, Ram Nagar
_bNew Delhi
_e110055
300 _avarious pagings
_c24cm(pbk)
500 _aSupplement to the main textbook Tulsian's cost accounting for CA-IPC(Group-I)
700 _aTulsian, Bharat
942 _2ddc
_cEN
_h657.42
_mTUL
999 _c152773
_d152773